01984nam a22004454a 4500001001200000003000800012006001900020007001500039008004100054010001700095020001500112040002100127035002000148050002900168051002500197082001700222110004500239245009400284246002600378260007300404300004500477490008200522500002700604504005200631533015200683610004500835610006200880651003600942651003800978651003801016651005301054651005501107651005501162655002901217700002701246710001701273810010501290856012601395999001701521ebr10022126CaPaEBRm u cr cn|||||||||010119s2001 dcuab fsb f000 0 eng  z 2001016515 z0844410438 aCaPaEBRcCaPaEBR a(OCoLC)7076930814aZ3013b.L53 2001aDS44eb aZ663.252b.L535 200104a026/.9562212 aLibrary of Congress.bNear East Section.10aLibrary of Congress Near East collectionsh[electronic resource] :ban illustrated guide.30aNear East collections aWashington :bLibrary of Congress :bFor sale by U.S. G.P.O.,c2001. a71 p. :bill. (chiefly col.), col. maps.1 aLibrary of Congress African and Middle Eastern collections illustrated guides aText by Levon Avdoyan. aIncludes bibliographical references (p. 70-71). aElectronic reproduction.bPalo Alto, Calif. :cebrary,d2013.nAvailable via World Wide Web.nAccess may be limited to ebrary affiliated libraries.20aLibrary of Congress.bNear East Section.20aLibrary of Congress.bNear East SectionvPictorial works. 0aMiddle EastxLibrary resources. 0aAfrica, NorthxLibrary resources. 0aAsia, CentralxLibrary resources. 0aMiddle EastxLibrary resourcesvPictorial works. 0aAfrica, NorthxLibrary resourcesvPictorial works. 0aAsia, CentralxLibrary resourcesvPictorial works. 7aElectronic books.2local1 aAvdoyan, Levon,d1946-2 aebrary, Inc.2 aLibrary of Congress.tLibrary of Congress African and Middle Eastern collections illustrated guides.40uhttp://site.ebrary.com/lib/rucke/Doc?id=10022126zAn electronic book accessible through the World Wide Web; click to view c24522d24522